000 00536nam a2200169 i 4500
001 82469
003 ES-MaACL
007 t|
008 041110s1981 sp ||||1| spa d
245 0 0 _aInforme de la Comisión de expertos sobre financiación de las Comunidades Autónomas.
260 _aMadrid :
_b[Presidencia del Gobierno, Servicio Central de Publicaciones],
_c1981.
300 _a145 p. ;
_c17 cm.
490 1 _aInforme ;
_v34
830 0 _aInforme ;
_v34
_9179985
852 _aES-MaACL
_jL-6180
_bR.106028
999 _c82469
_d82469